000 01374cam a22002414a 4500
005 20250605164057.0
008 250528s ||||||||||||||||||||||||d
035 _a17514
020 _a43540170
040 _aGR-AtMCL
_bgre
_dGR-AtMCL
_eAACR2
245 1 _aDiploma in Child Care and Education
250 _a1st
260 _bHeinemann Childcare,
_c2002
300 _a658
520 _aThis edition includes the latest legislation in Child Care and helps students focus on the diverse needs of the children in their care, covering special needs and multi-cultural issues. Introduction, Observation and Assessment, Work with Young Children, Foundations to Caring, The Developing Child, Physical Development, Cognitive Development, Language Development, Emotional and Social Development, Understanding the Behavior of Children, Health and Community Care, Play and Curriculum and Early Learning, What is Play?, Learning Through Play, The Curriculum for the Under 8s, Work with Babies 0-1 Years, Preparation for Employment, Provision of Services and the Protection of Children in the UK, Anti-Discrimination Practice, Anti-discriminatory Practice, Working with Parents, Index.
700 1 _aBeith Kate
_93657
700 1 _aEldridge Harriet
_93658
700 1 _aGough Alan
_93659
700 1 _aTassoni Penny
_93660
942 _cBK
999 _c2922
_d2922